000 00505nam a2200181Ia 4500
999 _c8987
_d8987
003 OSt
005 20201007130059.0
008 190216s9999||||xx |||||||||||||| ||und||
020 _a9788177228311
040 _coclc
082 _a005.276
_bSOL/A
100 _aSolutions, Kogent
_95386
245 0 _aAsp.Net 3.5 /
_cKogent Solutions
260 _bDream Tech Press,
_aNew Delhi:
_c2009.
300 _a1760p
650 _aComputer
942 _cBK
_2ddc
_h005.276
_iSOL/A
_k005.276
_mSOL/A